00688nam a2200181 a 450000100100000000500170001000800410002704000250006808200220009310000370011524500890015225000210024126000390026230000320030170000360033395201200036999900170048900004399420201002045100.0140512s1990 dr a 000 0 spa d aDO-SdBNPbspacBNPHU axxxxbS232L, 19901 aSantana, Julián Elías97195410aLógica y geometría moderna /cJulián Elías Santana, Roberto Herrera Acevedo. a6ta ed. revisada aSanto Domingo :bTeófilo,c1990. axi, 303 p. :bil. ;c21 cm.12aHerrera Acevedo, Roberto971955 0010718PDaPDbPDcCTd2014-05-12iLF1l0oxxxx S232L, 1990p43994-10r2020-06-25w2020-06-25yLFPDZNo se presta c43483d43483